| 000 | 00349 a2200109 4500 | ||
|---|---|---|---|
| 001 | ART_62372 | ||
| 005 | 20260410161816.0 | ||
| 008 | 260409a | ||
| 245 | 1 | 0 | _a20 años de Academia: los aportes del profesorado de Ciencias Jurídicas |
| 100 | 1 | _aDevetac, Roald | |
| 773 | 0 |
_tAcademia _g- Año 21, N° 42 (jul./dic. 2023) _wREV4314 |
|
| 999 |
_c21918 _d21918 |
||